| 000 | 00567nam a2200181Ia 4500 | ||
|---|---|---|---|
| 008 | 090124s9999 xx 000 0 und d | ||
| 082 | _b128051 | ||
| 100 | _aराजाध्यक्ष विजया | ||
| 245 | _a तळ्यात मळ्यात | ||
| 250 | _a1 | ||
| 260 | _c1997 | ||
| 300 | _a198 | ||
| 600 | _aराजाध्यक्ष विजया | ||
| 630 | _a तळ्यात मळ्यात | ||
| 700 | _aराजाध्यक्ष विजया | ||
| 730 | _a तळ्यात मळ्यात | ||
| 942 | _cBOOK | ||
| 999 |
_c174140 _d174140 |
||